Which Name Goes First? Quiz Stats

Quiz Updated May 29, 2016

Also try: Bands Within Bands
Challenge
Share
Tweet
Embed
Score 0/36 Timer 03:00
1 Play Today
A A or B % Correct
Late-night host
Carson Daly
???
95.9%
Actor
Levi Zachary
???
86.8%
Senator
Lindsey Graham
???
86.3%
Actor
Judge Reinhold
???
84.3%
Actor
Channing Tatum
???
83.9%
Actor
Howard Leslie
???
83.4%
Rapper
Kendrick Lamar
???
81.7%
Skier
Picabo Street
???
79.9%
Country singer
Luke Bryan
???
78.9%
Author
Sinclair Upton
???
77.9%
Actor
Kinney Taylor
???
77.2%
Actor
Isaac Oscar
???
75.4%
Chief Justice
Earl Warren
???
73.3%
Senator
Paul Rand
???
72.8%
Actress
Lake Bell
???
71%
Country singer
Porter Wagoner
???
70.8%
Actor
Douglas Melvyn
???
69.9%
Civil rights leader
Medgar Evers
???
69.1%
A A or B % Correct
Political adviser
Jordan Vernon
???
68.9%
Explorer
Lewis Meriwether
???
68.6%
TV producer
Ryan Murphy
???
68.1%
Philosopher
Bertrand Russell
???
66.7%
Gangster
Lansky Meyer
???
65.5%
Actor
DeForest Kelley
???
64.7%
Actress
Ronan Saoirse
???
62.1%
Mayor
Emanuel Rahm
???
61.9%
Golfer
Payne Stewart
???
60.1%
Painter
Peter Max
???
59%
Actress
Mara Rooney
???
58.9%
Actor
Powers Boothe
???
54.3%
Actress
Uzo Aduba
???
53.8%
Author
Leonard Elmore
???
53.2%
Secretary of State
Christopher Warren
???
52.6%
Author
Chinua Achebe
???
52.5%
Singer
Nelson Eddy
???
52.2%
Comedian
Brooks Foster
???
50.9%

You're not logged in!

Compare scores with friends on all Sporcle quizzes.
Sign Up with Email
OR
Log In

You Might Also Like...

Show Comments

Extras

Top Quizzes Today


Score Distribution

Your Account Isn't Verified!

In order to create a playlist on Sporcle, you need to verify the email address you used during registration. Go to your Sporcle Settings to finish the process.